[Event "DEM U8 2025"]
[Site "Willingen GER"]
[Date "2025.06.14"]
[Round "7"]
[White "Fabritius, Sylvester"]
[Black "Gur, Jascha"]
[Result "1/2-1/2"]
[Termination "normal"]
[Board "12"]
[WhiteElo "1147"]
[BlackElo "1086"]
[WhiteClock "00:32:29"]
[BlackClock "00:20:48"]
[PlyCount "120"]
[WhiteFideId "533026246"]
[EventCountry "GER"]
[EventRounds "7"]
[EventType "swiss"]
[EventDate "2025.06.10"]

1. d4 {[%clk 01:00:28]} {[%emt 00:00:02]} d5 {[%clk 01:00:24]} {[%emt
00:00:06]} 2. c4 {[%clk 01:00:32]} {[%emt 00:00:11]} Nf6 {[%clk 01:00:17]}
{[%emt 00:00:22]} 3. Nf3 {[%clk 01:00:38]} {[%emt 00:00:09]} Bf5 {[%clk
01:00:19]} {[%emt 00:00:13]} 4. Nc3 {[%clk 01:00:40]} {[%emt 00:00:13]} e6
{[%clk 01:00:17]} {[%emt 00:00:17]} 5. Bf4 {[%clk 01:00:16]} {[%emt 00:00:39]}
Bb4 {[%clk 00:59:56]} {[%emt 00:00:35]} 6. Qb3 {[%clk 01:00:13]} {[%emt
00:00:19]} Nc6 {[%clk 00:59:20]} {[%emt 00:00:52]} 7. a3 {[%clk 00:59:45]}
{[%emt 00:00:43]} Bxc3+ {[%clk 00:59:15]} {[%emt 00:00:21]} 8. bxc3 {[%clk
00:58:55]} {[%emt 00:01:04]} Rb8 {[%clk 00:58:34]} {[%emt 00:00:55]} 9. cxd5
{[%clk 00:58:54]} {[%emt 00:00:17]} exd5 {[%clk 00:58:32]} {[%emt 00:00:17]}
10. e3 {[%clk 00:58:51]} {[%emt 00:00:18]} O-O {[%clk 00:58:12]} {[%emt
00:00:35]} 11. Be2 {[%clk 00:58:46]} {[%emt 00:00:18]} Re8 {[%clk 00:58:00]}
{[%emt 00:00:25]} 12. O-O {[%clk 00:58:26]} {[%emt 00:00:39]} Bg4 {[%clk
00:57:30]} {[%emt 00:00:44]} 13. h3 {[%clk 00:58:11]} {[%emt 00:00:30]} Bh5
{[%clk 00:57:40]} {[%emt 00:00:08]} 14. Bg5 {[%clk 00:58:12]} {[%emt 00:00:12]}
Re6 {[%clk 00:54:52]} {[%emt 00:03:03]} 15. Rfe1 {[%emt 00:01:13]} h6 {[%clk
00:54:35]} 16. Bh4 {[%clk 00:57:44]} {[%emt 00:00:15]} Qd7 {[%clk 00:53:02]}
{[%emt 00:01:48]} 17. Bxf6 {[%clk 00:57:38]} {[%emt 00:00:23]} Rxf6 {[%clk
00:51:06]} {[%emt 00:02:10]} 18. Ne5 {[%clk 00:57:26]} {[%emt 00:00:27]} Nxe5
{[%clk 00:50:56]} {[%emt 00:00:25]} 19. dxe5 {[%clk 00:55:28]} {[%emt
00:02:13]} Rf5 {[%clk 00:50:51]} {[%emt 00:00:20]} 20. Bxh5 {[%clk 00:54:49]}
{[%emt 00:00:55]} Rxh5 {[%clk 00:50:34]} {[%emt 00:00:30]} 21. e4 {[%clk
00:54:00]} {[%emt 00:01:06]} Rxe5 {[%clk 00:50:03]} {[%emt 00:00:37]} 22. exd5
{[%clk 00:54:04]} {[%emt 00:00:19]} Rxd5 {[%clk 00:48:10]} {[%emt 00:02:02]}
23. Re4 {[%clk 00:53:46]} {[%emt 00:00:31]} Qc6 {[%clk 00:45:37]} {[%emt
00:02:52]} 24. Rc4 {[%clk 00:52:58]} {[%emt 00:00:45]} Qd6 {[%clk 00:45:09]}
{[%emt 00:01:04]} 25. Rb4 {[%clk 00:52:01]} {[%emt 00:01:13]} b6 {[%clk
00:44:54]} {[%emt 00:00:30]} 26. c4 {[%clk 00:50:56]} {[%emt 00:01:14]} Rd2
{[%clk 00:44:20]} {[%emt 00:00:54]} 27. Rc1 {[%clk 00:48:19]} {[%emt 00:02:53]}
Qc5 {[%clk 00:43:49]} {[%emt 00:00:35]} 28. Qf3 {[%clk 00:47:41]} {[%emt
00:00:50]} a5 {[%clk 00:43:34]} {[%emt 00:00:44]} 29. Rb5 {[%clk 00:47:39]}
{[%emt 00:00:17]} Qd4 {[%clk 00:42:04]} {[%emt 00:01:43]} 30. Rcb1 {[%clk
00:46:29]} {[%emt 00:01:43]} Rc2 {[%clk 00:41:18]} {[%emt 00:01:17]} 31. Rd5
{[%clk 00:42:14]} {[%emt 00:04:30]} Qxc4 {[%clk 00:40:55]} {[%emt 00:00:32]}
32. Rbd1 {[%clk 00:41:32]} {[%emt 00:01:02]} Rc1 {[%clk 00:40:43]} {[%emt
00:00:28]} 33. R5d4 {[%clk 00:40:40]} {[%emt 00:01:06]} Qxd4 {[%clk 00:39:49]}
{[%emt 00:01:08]} 34. Rxc1 {[%clk 00:40:49]} {[%emt 00:00:07]} c5 {[%clk
00:39:29]} {[%emt 00:00:33]} 35. Qg3 {[%clk 00:40:19]} {[%emt 00:00:46]} Rc8
{[%clk 00:38:55]} {[%emt 00:00:49]} 36. Qb3 {[%clk 00:39:54]} {[%emt 00:00:40]}
Rc6 {[%clk 00:38:26]} {[%emt 00:00:34]} 37. Rc4 {[%clk 00:39:00]} {[%emt
00:01:20]} Qa1+ {[%clk 00:38:09]} {[%emt 00:00:31]} 38. Kh2 {[%clk 00:39:10]}
{[%emt 00:00:06]} Qe5+ {[%clk 00:36:17]} {[%emt 00:01:52]} 39. f4 {[%clk
00:38:58]} {[%emt 00:00:44]} Qb8 {[%clk 00:35:50]} {[%emt 00:00:36]} 40. Qf3
{[%clk 00:38:35]} {[%emt 00:00:41]} Rc7 {[%clk 00:35:23]} {[%emt 00:00:42]} 41.
Qe3 {[%clk 00:37:46]} {[%emt 00:01:04]} Qa7 {[%clk 00:34:22]} {[%emt 00:01:14]}
42. f5 {[%clk 00:37:14]} {[%emt 00:00:50]} b5 {[%clk 00:34:18]} {[%emt
00:00:20]} 43. Rg4 {[%clk 00:36:38]} {[%emt 00:00:49]} Qb8 {[%clk 00:34:06]}
{[%emt 00:00:28]} 44. Kh1 {[%clk 00:36:24]} {[%emt 00:00:23]} Rd7 {[%clk
00:33:40]} {[%emt 00:00:47]} 45. Kg1 {[%clk 00:35:35]} {[%emt 00:01:03]} Rd1+
{[%clk 00:31:52]} {[%emt 00:02:02]} 46. Kf2 {[%clk 00:35:40]} {[%emt 00:00:11]}
Qd6 {[%clk 00:31:25]} {[%emt 00:00:42]} 47. Qe8+ {[%clk 00:35:10]} {[%emt
00:00:45]} Kh7 {[%clk 00:29:47]} {[%emt 00:01:45]} 48. Qxb5 {[%clk 00:34:55]}
{[%emt 00:00:40]} Qd2+ {[%clk 00:26:59]} {[%emt 00:03:00]} 49. Qe2 {[%clk
00:34:33]} {[%emt 00:00:36]} Qxe2+ {[%emt 00:01:21]} 50. Kxe2 {[%emt 00:00:15]}
Rb1 {[%clk 00:24:46]} {[%emt 00:00:54]} 51. Rc4 {[%clk 00:34:17]} {[%emt
00:00:31]} Rb3 {[%clk 00:23:23]} {[%emt 00:01:34]} 52. Rxc5 {[%clk 00:34:10]}
{[%emt 00:00:30]} Rxa3 {[%clk 00:22:58]} {[%emt 00:00:38]} 53. Rc7 {[%clk
00:33:43]} {[%emt 00:00:36]} f6 {[%clk 00:22:56]} {[%emt 00:00:22]} 54. Ra7
{[%clk 00:33:48]} {[%emt 00:00:10]} Ra2+ {[%clk 00:23:02]} {[%emt 00:00:09]}
55. Kf3 {[%clk 00:33:51]} {[%emt 00:00:11]} a4 {[%clk 00:22:13]} {[%emt
00:01:07]} 56. Kf4 {[%clk 00:32:58]} {[%emt 00:01:00]} a3 {[%clk 00:22:17]}
{[%emt 00:00:19]} 57. Kf3 {[%clk 00:32:49]} {[%emt 00:00:21]} Ra1 {[%clk
00:22:12]} {[%emt 00:00:22]} 58. Kf2 {[%clk 00:32:49]} {[%emt 00:00:13]} h5
{[%clk 00:21:43]} {[%emt 00:00:45]} 59. h4 {[%clk 00:32:39]} {[%emt 00:00:30]}
Rb1 {[%clk 00:20:57]} {[%emt 00:00:59]} 60. Rxa3 {[%clk 00:32:29]} {[%emt
00:00:16]} Rb5 {[%clk 00:20:48]} {[%emt 00:00:30]} 1/2-1/2

[Event "DEM U8 2025"]
[Site "Willingen GER"]
[Date "2025.06.14"]
[Round "7"]
[White "Breaz, Arthur"]
[Black "Nilov, Nikita"]
[Result "1-0"]
[Termination "normal"]
[Board "13"]
[WhiteElo "1409"]
[BlackElo "1046"]
[WhiteClock "00:45:17"]
[BlackClock "00:48:59"]
[PlyCount "73"]
[WhiteFideId "42217008"]
[EventCountry "GER"]
[EventRounds "7"]
[EventType "swiss"]
[EventDate "2025.06.10"]

1. e4 {[%clk 01:00:26]} {[%emt 00:00:03]} e5 {[%clk 01:00:27]} {[%emt
00:00:03]} 2. Nf3 {[%clk 01:00:32]} {[%emt 00:00:09]} Nc6 {[%clk 01:00:38]}
{[%emt 00:00:05]} 3. Bc4 {[%clk 01:00:21]} {[%emt 00:00:25]} Bc5 {[%clk
01:00:47]} {[%emt 00:00:07]} 4. d3 {[%clk 01:00:20]} {[%emt 00:00:16]} d6
{[%clk 01:00:46]} {[%emt 00:00:16]} 5. h3 {[%clk 01:00:06]} {[%emt 00:00:30]}
Nf6 {[%clk 01:00:53]} {[%emt 00:00:07]} 6. Bg5 {[%clk 01:00:07]} {[%emt
00:00:13]} Be6 {[%clk 01:00:50]} {[%emt 00:00:16]} 7. Bb3 {[%clk 00:59:55]}
{[%emt 00:00:29]} Nd4 {[%clk 01:00:33]} {[%emt 00:00:31]} 8. Nxd4 {[%clk
00:58:21]} {[%emt 00:01:50]} Bxd4 {[%clk 01:00:25]} {[%emt 00:00:24]} 9. Nc3
{[%clk 00:57:00]} {[%emt 00:01:35]} Qd7 {[%clk 01:00:03]} {[%emt 00:00:37]} 10.
Qd2 {[%clk 00:55:00]} {[%emt 00:02:14]} d5 {[%clk 00:59:09]} {[%emt 00:01:10]}
11. Bxf6 {[%clk 00:53:19]} {[%emt 00:01:56]} gxf6 {[%clk 00:58:21]} {[%emt
00:01:02]} 12. exd5 {[%clk 00:53:21]} {[%emt 00:00:15]} Bf5 {[%clk 00:57:29]}
{[%emt 00:01:06]} 13. Ba4 {[%clk 00:49:16]} {[%emt 00:04:21]} c6 {[%clk
00:57:29]} {[%emt 00:00:15]} 14. dxc6 {[%clk 00:49:28]} {[%emt 00:00:04]} bxc6
{[%clk 00:57:33]} {[%emt 00:00:10]} 15. Bb3 {[%clk 00:48:41]} {[%emt 00:01:02]}
Rg8 {[%clk 00:56:56]} {[%emt 00:00:51]} 16. f3 {[%clk 00:47:41]} {[%emt
00:01:16]} Bxc3 {[%clk 00:56:02]} {[%emt 00:01:08]} 17. Qxc3 {[%clk 00:45:52]}
{[%emt 00:02:04]} Rxg2 {[%clk 00:55:27]} {[%emt 00:00:52]} 18. O-O-O {[%clk
00:45:55]} {[%emt 00:00:11]} Bxh3 {[%clk 00:54:47]} {[%emt 00:00:54]} 19. Rxh3
{[%clk 00:45:49]} {[%emt 00:00:22]} Qxh3 {[%clk 00:53:52]} {[%emt 00:01:08]}
20. Qxc6+ {[%clk 00:45:54]} {[%emt 00:00:12]} Ke7 {[%clk 00:53:24]} {[%emt
00:00:42]} 21. Qxa8 {[%clk 00:45:21]} {[%emt 00:00:49]} Qh6+ {[%clk 00:52:38]}
{[%emt 00:01:00]} 22. Kb1 {[%clk 00:44:14]} {[%emt 00:01:23]} Qd2 {[%clk
00:52:13]} {[%emt 00:00:38]} 23. Qxa7+ {[%clk 00:43:10]} {[%emt 00:01:22]} Kd8
{[%clk 00:50:59]} {[%emt 00:01:28]} 24. Rxd2 {[%clk 00:42:40]} {[%emt
00:00:45]} Rxd2 {[%clk 00:50:39]} {[%emt 00:00:34]} 25. Qa5+ {[%clk 00:42:49]}
{[%emt 00:00:06]} Kd7 {[%clk 00:50:16]} {[%emt 00:00:36]} 26. Qxd2 {[%clk
00:42:59]} {[%emt 00:00:08]} e4 {[%clk 00:50:14]} {[%emt 00:00:16]} 27. dxe4+
{[%clk 00:42:38]} {[%emt 00:01:12]} Ke7 {[%clk 00:50:28]} {[%emt 00:01:59]} 28.
Qd5 {[%clk 00:44:40]} {[%emt 00:00:15]} f5 {[%clk 00:50:19]} {[%emt 00:00:24]}
29. Qxf7+ {[%clk 00:44:44]} {[%emt 00:00:11]} Kd6 {[%clk 00:50:18]} {[%emt
00:00:16]} 30. exf5 {[%clk 00:44:45]} {[%emt 00:00:14]} h5 {[%clk 00:50:00]}
{[%emt 00:00:32]} 31. Qe6+ {[%clk 00:44:51]} {[%emt 00:00:10]} Kc7 {[%clk
00:49:41]} {[%emt 00:00:34]} 32. f6 {[%clk 00:44:45]} {[%emt 00:00:22]} h4
{[%emt 00:00:09]} 33. f7 {[%emt 00:00:03]} h3 {[%clk 00:49:31]} {[%emt
00:00:12]} 34. f8=Q {[%clk 00:44:54]} {[%emt 00:00:06]} h2 {[%clk 00:49:22]}
{[%emt 00:00:22]} 35. Qfd6+ {[%clk 00:44:57]} {[%emt 00:00:13]} Kb7 {[%clk
00:49:13]} {[%emt 00:00:24]} 36. Qed7+ {[%clk 00:45:08]} {[%emt 00:00:05]} Ka8
{[%clk 00:48:59]} {[%emt 00:00:28]} 37. Qf8# {[%clk 00:45:17]} {[%emt
00:00:06]} 1-0

[Event "DEM U8 2025"]
[Site "Willingen GER"]
[Date "2025.06.14"]
[Round "7"]
[White "Trifonov, Martin"]
[Black "Geiß, Janus Michael"]
[Result "1-0"]
[Termination "normal"]
[Board "14"]
[WhiteElo "1397"]
[BlackElo "1000"]
[WhiteClock "00:44:37"]
[BlackClock "00:42:53"]
[PlyCount "68"]
[WhiteFideId "2966204"]
[EventCountry "GER"]
[EventRounds "7"]
[EventType "swiss"]
[EventDate "2025.06.10"]

1. d4 {[%clk 01:00:28]} {[%emt 00:00:02]} d5 {[%clk 01:00:26]} {[%emt
00:00:04]} 2. c4 {[%clk 01:00:30]} {[%emt 00:00:14]} Nf6 {[%clk 01:00:25]}
{[%emt 00:00:15]} 3. Bg5 {[%clk 01:00:36]} {[%emt 00:00:08]} h6 {[%clk
01:00:12]} {[%emt 00:00:29]} 4. Bxf6 {[%clk 01:00:21]} {[%emt 00:00:29]} exf6
{[%clk 01:00:02]} {[%emt 00:00:25]} 5. cxd5 {[%clk 01:00:28]} {[%emt 00:00:09]}
Qxd5 {[%clk 00:59:57]} {[%emt 00:00:21]} 6. Nc3 {[%clk 01:00:29]} {[%emt
00:00:13]} Qd8 {[%clk 01:00:05]} {[%emt 00:00:07]} 7. e3 {[%clk 00:59:58]}
{[%emt 00:00:30]} Bb4 {[%clk 01:00:19]} {[%emt 00:00:17]} 8. Nf3 {[%clk
00:59:42]} {[%emt 00:00:29]} Nc6 {[%clk 01:00:32]} {[%emt 00:00:05]} 9. Bc4
{[%clk 00:59:37]} {[%emt 00:00:20]} O-O {[%clk 01:00:38]} {[%emt 00:00:08]} 10.
O-O {[%clk 00:59:45]} {[%emt 00:00:06]} Bg4 {[%clk 01:00:32]} {[%emt 00:00:23]}
11. Qe2 {[%emt 00:00:37]} Re8 {[%clk 01:00:14]} {[%emt 00:00:31]} 12. Rad1
{[%clk 00:58:59]} {[%emt 00:00:37]} Na5 {[%clk 00:58:50]} {[%emt 00:01:43]} 13.
Bb5 {[%clk 00:58:01]} {[%emt 00:00:44]} c6 {[%clk 00:58:39]} {[%emt 00:00:56]}
14. Bd3 {[%clk 00:58:02]} {[%emt 00:00:12]} Qc7 {[%clk 00:58:00]} {[%emt
00:00:55]} 15. a3 {[%clk 00:57:48]} {[%emt 00:00:29]} Bxc3 {[%clk 00:57:25]}
{[%emt 00:00:50]} 16. bxc3 {[%clk 00:57:42]} {[%emt 00:00:21]} b5 {[%clk
00:57:13]} {[%emt 00:00:27]} 17. h3 {[%clk 00:57:26]} {[%emt 00:00:30]} Bd7
{[%clk 00:56:01]} {[%emt 00:01:26]} 18. Rfe1 {[%clk 00:57:13]} {[%emt
00:00:29]} Rad8 {[%clk 00:55:25]} {[%emt 00:01:13]} 19. Qc2 {[%clk 00:57:24]}
{[%emt 00:00:11]} c5 {[%clk 00:54:30]} {[%emt 00:01:11]} 20. Bh7+ {[%clk
00:54:18]} {[%emt 00:03:21]} Kh8 {[%clk 00:54:01]} {[%emt 00:00:44]} 21. Bf5
{[%clk 00:54:28]} {[%emt 00:00:04]} Qc8 {[%clk 00:53:12]} {[%emt 00:01:05]} 22.
Bxd7 {[%clk 00:52:38]} {[%emt 00:02:06]} Rxd7 {[%clk 00:52:34]} {[%emt
00:00:53]} 23. dxc5 {[%clk 00:52:37]} {[%emt 00:00:16]} Rxd1 {[%clk 00:52:37]}
{[%emt 00:00:11]} 24. Rxd1 {[%clk 00:52:40]} {[%emt 00:00:12]} Qxc5 {[%clk
00:52:43]} {[%emt 00:00:09]} 25. Qa2 {[%clk 00:51:58]} {[%emt 00:00:55]} Kg8
{[%clk 00:52:07]} {[%emt 00:00:54]} 26. Rd5 {[%clk 00:51:01]} {[%emt 00:01:10]}
Qxc3 {[%clk 00:49:06]} {[%emt 00:03:18]} 27. Rd7 {[%clk 00:50:02]} {[%emt
00:01:10]} Rf8 {[%clk 00:49:02]} {[%emt 00:00:22]} 28. Rxa7 {[%clk 00:49:17]}
{[%emt 00:00:55]} Nb3 {[%clk 00:47:05]} {[%emt 00:02:18]} 29. Rd7 {[%clk
00:46:35]} {[%emt 00:02:53]} Qa1+ {[%clk 00:46:08]} {[%emt 00:01:16]} 30. Qxa1
{[%clk 00:46:38]} {[%emt 00:00:12]} Nxa1 {[%clk 00:46:16]} {[%emt 00:00:08]}
31. Nd4 {[%clk 00:46:09]} {[%emt 00:00:42]} Rb8 {[%clk 00:46:02]} {[%emt
00:00:30]} 32. Rc7 {[%clk 00:45:49]} {[%emt 00:00:36]} Ra8 {[%clk 00:44:48]}
{[%emt 00:00:52]} 33. Rc3 {[%clk 00:44:37]} {[%emt 00:01:56]} g6 {[%clk
00:43:46]} {[%emt 00:01:24]} 34. Kf1 {[%emt 00:00:59]} Kg7 {[%clk 00:42:53]}
{[%emt 00:00:41]} 1-0

[Event "DEM U8 2025"]
[Site "Willingen GER"]
[Date "2025.06.14"]
[Round "7"]
[White "Obermeier, Vitus"]
[Black "Rieland, Hannes"]
[Result "0-1"]
[Termination "normal"]
[Board "15"]
[WhiteElo "1313"]
[BlackElo "1487"]
[WhiteClock "00:21:33"]
[BlackClock "00:11:18"]
[PlyCount "92"]
[BlackFideId "533022208"]
[EventCountry "GER"]
[EventRounds "7"]
[EventType "swiss"]
[EventDate "2025.06.10"]

1. d4 {[%clk 01:00:29]} d5 {[%clk 01:00:09]} {[%emt 00:00:20]} 2. Bf4 {[%clk
01:00:36]} {[%emt 00:00:09]} Bf5 {[%clk 00:59:40]} {[%emt 00:00:43]} 3. Nf3
{[%emt 00:00:25]} Nf6 {[%clk 00:59:18]} {[%emt 00:00:34]} 4. e3 {[%clk
01:00:23]} {[%emt 00:00:22]} e6 {[%clk 00:59:07]} {[%emt 00:00:26]} 5. Bd3
{[%emt 00:00:19]} Ne4 {[%clk 00:56:45]} {[%emt 00:02:35]} 6. Nbd2 {[%clk
01:00:09]} {[%emt 00:00:26]} Be7 {[%clk 00:53:19]} {[%emt 00:03:41]} 7. O-O
{[%clk 00:59:14]} {[%emt 00:01:10]} O-O {[%clk 00:51:21]} {[%emt 00:02:13]} 8.
c3 {[%clk 00:58:37]} {[%emt 00:00:53]} Nxf2 {[%clk 00:43:56]} {[%emt 00:07:39]}
9. Rxf2 {[%clk 00:58:10]} {[%emt 00:00:41]} Bxd3 {[%clk 00:43:17]} {[%emt
00:00:56]} 10. Ne5 {[%clk 00:57:16]} {[%emt 00:01:10]} Bf5 {[%clk 00:42:39]}
{[%emt 00:00:53]} 11. Qh5 {[%clk 00:56:21]} {[%emt 00:01:10]} Nd7 {[%clk
00:38:37]} {[%emt 00:04:17]} 12. Raf1 {[%clk 00:55:42]} {[%emt 00:00:55]} Nf6
{[%clk 00:36:50]} {[%emt 00:02:01]} 13. Qf3 {[%clk 00:55:15]} {[%emt 00:00:41]}
Bd6 {[%clk 00:35:55]} {[%emt 00:01:11]} 14. Nb3 {[%clk 00:50:59]} {[%emt
00:04:32]} Bxe5 {[%clk 00:34:26]} {[%emt 00:01:41]} 15. dxe5 {[%clk 00:50:16]}
{[%emt 00:01:01]} Ne4 {[%clk 00:32:41]} {[%emt 00:01:59]} 16. Re2 {[%clk
00:48:41]} {[%emt 00:01:52]} Qh4 {[%clk 00:30:55]} {[%emt 00:02:00]} 17. Bg3
{[%clk 00:46:00]} {[%emt 00:02:56]} Nxg3 {[%clk 00:30:05]} {[%emt 00:01:04]}
18. hxg3 {[%clk 00:44:31]} {[%emt 00:01:45]} Qh6 {[%clk 00:26:18]} {[%emt
00:04:01]} 19. Ref2 {[%clk 00:43:35]} {[%emt 00:01:11]} Be4 {[%clk 00:22:53]}
{[%emt 00:03:41]} 20. Qf4 {[%clk 00:42:50]} {[%emt 00:00:58]} Qh5 {[%clk
00:20:32]} {[%emt 00:02:38]} 21. Nd4 {[%clk 00:41:45]} {[%emt 00:01:22]} Rae8
{[%clk 00:19:33]} {[%emt 00:01:11]} 22. Nb5 {[%clk 00:37:49]} {[%emt 00:04:12]}
Re7 {[%clk 00:17:55]} {[%emt 00:01:48]} 23. Qh4 {[%clk 00:37:11]} {[%emt
00:00:59]} Qxh4 {[%clk 00:17:46]} {[%emt 00:00:22]} 24. gxh4 {[%clk 00:36:54]}
{[%emt 00:00:26]} Bd3 {[%clk 00:16:40]} {[%emt 00:01:27]} 25. Nxa7 {[%clk
00:36:07]} Bxf1 {[%clk 00:16:16]} {[%emt 00:01:41]} 26. Kxf1 {[%clk 00:35:10]}
Ra8 {[%clk 00:15:47]} {[%emt 00:01:57]} 27. Nb5 {[%clk 00:35:04]} {[%emt
00:00:21]} Rxa2 {[%clk 00:15:25]} {[%emt 00:00:37]} 28. Rd2 {[%clk 00:34:18]}
{[%emt 00:01:02]} Ra1+ {[%clk 00:14:59]} {[%emt 00:00:40]} 29. Kf2 {[%clk
00:32:30]} {[%emt 00:02:04]} Rh1 {[%clk 00:14:57]} {[%emt 00:00:17]} 30. c4
{[%clk 00:32:32]} {[%emt 00:00:14]} c6 {[%clk 00:14:33]} {[%emt 00:00:37]} 31.
Nd6 {[%clk 00:31:23]} {[%emt 00:01:26]} h6 {[%clk 00:14:22]} {[%emt 00:00:26]}
32. cxd5 {[%clk 00:30:45]} {[%emt 00:00:53]} exd5 {[%clk 00:14:02]} {[%emt
00:00:34]} 33. e4 {[%clk 00:30:38]} {[%emt 00:00:23]} dxe4 {[%clk 00:13:50]}
{[%emt 00:00:27]} 34. Nf5 {[%clk 00:30:29]} {[%emt 00:00:25]} Rxe5 {[%clk
00:13:34]} {[%emt 00:00:30]} 35. Rd8+ {[%clk 00:30:17]} {[%emt 00:00:28]} Kh7
{[%clk 00:13:35]} {[%emt 00:00:12]} 36. g4 {[%clk 00:30:12]} {[%emt 00:00:20]}
h5 {[%clk 00:13:24]} {[%emt 00:00:26]} 37. Rd7 {[%clk 00:30:06]} {[%emt
00:00:21]} e3+ {[%clk 00:11:38]} {[%emt 00:02:01]} 38. Ke2 {[%clk 00:29:15]}
{[%emt 00:01:05]} Rh2+ {[%clk 00:11:14]} {[%emt 00:00:37]} 39. Kf3 {[%clk
00:26:52]} {[%emt 00:03:17]} e2 {[%clk 00:11:10]} {[%emt 00:00:19]} 40. Rxf7
{[%clk 00:25:04]} {[%emt 00:02:03]} hxg4+ {[%clk 00:10:39]} {[%emt 00:00:44]}
41. Kxg4 {[%clk 00:25:02]} {[%emt 00:00:18]} Rxf5 {[%clk 00:10:41]} {[%emt
00:00:13]} 42. Kxf5 {[%clk 00:24:45]} {[%emt 00:00:33]} e1=Q {[%clk 00:10:43]}
{[%emt 00:00:12]} 43. Rxg7+ {[%clk 00:24:49]} {[%emt 00:00:12]} Kxg7 {[%clk
00:10:51]} {[%emt 00:00:07]} 44. h5 {[%clk 00:23:29]} {[%emt 00:01:34]} Rf2+
{[%clk 00:10:57]} {[%emt 00:00:09]} 45. Kg5 {[%clk 00:22:25]} {[%emt 00:01:19]}
Qg1+ {[%clk 00:11:05]} {[%emt 00:00:07]} 46. Kh4 {[%clk 00:21:33]} {[%emt
00:01:08]} Rh2# {[%clk 00:11:18]} {[%emt 00:00:02]} 0-1

[Event "DEM U8 2025"]
[Site "Willingen GER"]
[Date "2025.06.14"]
[Round "7"]
[White "Stein, Fabian"]
[Black "Fuchs, Louis Joel"]
[Result "1-0"]
[Termination "normal"]
[Board "16"]
[WhiteElo "1139"]
[BlackElo "1175"]
[WhiteClock "00:55:01"]
[BlackClock "00:59:04"]
[PlyCount "56"]
[EventCountry "GER"]
[EventRounds "7"]
[EventType "swiss"]
[EventDate "2025.06.10"]

1. e4 {[%clk 01:00:29]} e5 {[%clk 01:00:29]} {[%emt 00:00:02]} 2. Nf3 {[%clk
01:00:38]} {[%emt 00:00:06]} Nf6 {[%clk 01:00:37]} {[%emt 00:00:07]} 3. Nc3
{[%clk 01:00:41]} {[%emt 00:00:06]} Nc6 {[%clk 01:00:51]} 4. Bb5 {[%clk
01:00:49]} {[%emt 00:00:13]} a6 {[%clk 01:00:51]} {[%emt 00:00:16]} 5. Ba4
{[%clk 01:00:43]} {[%emt 00:00:20]} b5 {[%clk 01:00:56]} {[%emt 00:00:10]} 6.
Bb3 {[%clk 01:00:49]} {[%emt 00:00:09]} Bb4 {[%clk 01:01:05]} {[%emt 00:00:07]}
7. O-O {[%clk 01:00:40]} {[%emt 00:00:23]} O-O {[%clk 01:01:12]} {[%emt
00:00:09]} 8. Re1 {[%clk 01:00:20]} {[%emt 00:00:25]} d6 {[%clk 01:01:09]}
{[%emt 00:00:27]} 9. d3 {[%clk 01:00:13]} {[%emt 00:00:14]} Bg4 {[%clk
01:01:23]} {[%emt 00:00:09]} 10. h3 {[%clk 01:00:14]} {[%emt 00:00:08]} Bh5
{[%clk 01:01:34]} {[%emt 00:00:11]} 11. Bd2 {[%emt 00:00:21]} Nd4 {[%emt
00:00:07]} 12. Re3 {[%clk 00:58:51]} {[%emt 00:01:08]} Bc5 {[%clk 01:01:33]}
{[%emt 00:00:17]} 13. Qe2 {[%clk 00:58:22]} {[%emt 00:00:43]} Nxe2+ {[%clk
01:01:36]} {[%emt 00:00:13]} 14. Rxe2 {[%clk 00:58:26]} {[%emt 00:00:11]} Bxf3
{[%clk 01:01:21]} {[%emt 00:00:30]} 15. gxf3 {[%clk 00:58:34]} {[%emt
00:00:08]} Qd7 {[%clk 01:01:17]} {[%emt 00:00:19]} 16. Kh2 {[%clk 00:58:34]}
{[%emt 00:00:56]} c6 {[%clk 01:00:40]} {[%emt 00:00:53]} 17. Bg5 {[%clk
00:58:28]} {[%emt 00:00:19]} Nh5 {[%clk 01:00:18]} {[%emt 00:00:40]} 18. Rg1
{[%clk 00:57:24]} {[%emt 00:01:54]} Kh8 {[%clk 01:00:00]} {[%emt 00:02:03]} 19.
Nd1 {[%clk 00:56:06]} {[%emt 00:01:15]} f6 {[%clk 01:00:03]} {[%emt 00:00:12]}
20. Bd2 {[%clk 00:55:38]} {[%emt 00:00:40]} f5 {[%clk 00:59:52]} {[%emt
00:00:29]} 21. Rg2 {[%clk 00:55:10]} {[%emt 00:01:13]} fxe4 {[%emt 00:01:39]}
22. fxe4 {[%clk 00:56:47]} {[%emt 00:00:20]} a5 {[%clk 00:59:40]} {[%emt
00:00:20]} 23. a3 {[%clk 00:56:47]} {[%emt 00:00:15]} Rf3 {[%clk 00:59:25]}
{[%emt 00:00:30]} 24. Rg4 {[%clk 00:56:06]} {[%emt 00:00:55]} Nf6 {[%clk
00:58:58]} {[%emt 00:00:42]} 25. Rg3 {[%clk 00:56:02]} {[%emt 00:01:32]} Rxg3
{[%clk 00:59:03]} {[%emt 00:00:10]} 26. fxg3 {[%clk 00:56:07]} {[%emt
00:00:10]} Rf8 {[%clk 00:59:01]} {[%emt 00:00:18]} 27. Ba2 {[%clk 00:55:15]}
{[%emt 00:01:07]} b4 {[%emt 00:00:17]} 28. axb4 {[%clk 00:55:01]} {[%emt
00:00:28]} axb4 {[%clk 00:59:04]} {[%emt 00:00:10]} 1-0